000 00483cam a2200193ua 4500
001 8486
008 150202n ii |||gr||||Z||||||asm
040 _cMAIN
041 _aasm
082 _a491.4515
100 _aGoswami, GC,
_eAuthor.
245 1 3 _aAsamiya vyakaran pravesh
_cby GC Goswami
250 _a5th rev.
260 _aGuwahati:
_bBina linbrary,
_c2012.
300 _a344p.
653 _aEast Indo-European & Celtic languages
653 _aAssamese grammar
942 _cBK
999 _c7594
_d7594